000 00499cam a2200169 i 4500
005 20260312131658.0
008 250721s1972 xxk gr 000 0 eng d
082 1 4 _a942.082
_bM I D
100 1 _aMiddlemas, Keith
_eauthor.
245 1 4 _aThe life and times of edward vii /
_ckeith middlemas ؛ introduction by antonia fraser.
264 3 1 _aLondon :
_bWeidenfeld,
_c1972.
300 _a224 pages.
650 1 7 _aEngland.
650 1 7 _aHistory.
942 _2ddc
_cBK
999 _c44995
_d44995